The Quarterly Journal of Economics

Guardado en:
Detalles Bibliográficos
Formato: Seriadas
Lenguaje:inglés
Publicado: Cambridge Harvard University Press
Materias:
Etiquetas: Agregar Etiqueta
Sin Etiquetas, Sea el primero en etiquetar este registro!

MARC

LEADER 00000nas1a22000001 4500
001 s121086
005 20250718102343.2
022 |a 0033-5533 
022 |a 1531-4650 
041 0 |a eng 
044 |a GB 
245 1 0 |a The Quarterly Journal of Economics 
264 1 |a Cambridge  |b Harvard University Press 
610 2 0 |a veda ekonomická 
610 2 0 |a teórie ekonomické